[Event "Groningen op"]
[Site "Groningen"]
[Date "1997.??.??"]
[Round "10"]
[White "Heyl, Thomas"]
[Black "Pel, Bonno"]
[Result "0-1"]
[WhiteElo "2100"]
[BlackElo "2150"]

1.d4 d6 2.Nf3 g6 3.c4 Bg7 4.g3 Nf6 5.Bg2 O-O 6.O-O Nc6 7.Nc3 Bg4 8.h3 Bxf3
9.Bxf3 Nd7 10.e3 e5 11.d5 Ne7 12.Qc2 f5 13.b4 a5 14.Rb1 e4 15.Be2 axb4 16.Rxb4 Nc5
17.Nb5 Qd7 18.Nd4 Ra7 19.Ne6 Nxe6 20.dxe6 Qxe6 21.c5 d5 22.Rd1 Nc6 23.Rb1 Ne5
24.Bb2 c6 25.Bxe5 Qxe5 26.Rd4 Rfa8 27.a4 Qe7 28.Rdb4 Bf8 29.Bd1 Rb8 30.Rc1 Ra5
31.Qb1 Qc7 32.Qb3 Bxc5 33.Rb5 Bd6 34.Qc3 cxb5 35.Qd2 Qd8 36.Qxd5+ Kg7 37.Bb3 bxa4
38.Qf7+ Kh6 39.Ba2 Qe7  0-1

[Event "Haarlem op"]
[Site "Haarlem"]
[Date "1997.??.??"]
[Round "3"]
[White "Szekely, Peter"]
[Black "Willemze, Thomas"]
[Result "1-0"]
[WhiteElo "2455"]
[BlackElo "1955"]

1.Nf3 g6 2.d4 Nf6 3.c4 d6 4.g3 Bg7 5.Bg2 O-O 6.Nc3 Nbd7 7.O-O e5 8.e4 Re8
9.h3 b6 10.Be3 Bb7 11.d5 Nh5 12.Qc2 Rf8 13.Rad1 f5 14.exf5 gxf5 15.Ng5 Qe7
16.Qe2 Nhf6 17.Ne6 Rfc8 18.Qf3 f4 19.gxf4 exf4 20.Bxf4 Nf8 21.Nd4 Ng6 22.Rfe1 Qd7
23.Bg3 Rf8 24.Qf5 Qd8 25.Ne6 Nd7 26.Qg5 Rf7 27.Nb5 Qc8 28.h4  1-0

[Event "Wichern op"]
[Site "Hamburg"]
[Date "1997.??.??"]
[Round "5"]
[White "Amerllahi, Dugagjin"]
[Black "Cattus, Nico"]
[Result "0-1"]
[WhiteElo "2260"]
[BlackElo "2115"]

1.d4 Nf6 2.Nf3 g6 3.g3 Bg7 4.Bg2 O-O 5.c4 d6 6.Nc3 Nbd7 7.O-O e5 8.dxe5 dxe5
9.Qc2 c6 10.Rd1 Re8 11.b4 a5 12.b5 c5 13.Ng5 Qc7 14.Nd5 Nxd5 15.Bxd5 Re7
16.Ne4 Kh8 17.Nc3 Nb6 18.a4 Bf5 19.e4 Bd7 20.f3 Rg8 21.Bg5 f6 22.Be3 Ree8
23.Qf2 Rc8 24.Qd2 Rcd8 25.Bh6 g5 26.Bxg7+ Kxg7 27.g4 h5 28.h3 Rh8 29.Kg2 Qc8
30.Qf2 Rh6 31.Rh1 Rdh8 32.Rad1 hxg4 33.hxg4 Bxg4 34.Bxb7 Bh3+ 35.Kg3 Qxb7
36.Qxc5 Be6 37.Rxh6 Rxh6 38.Rd6 Qf7 39.Rxb6 Qh5 40.Rb7+ Kg6 41.Kf2 Qh2+ 42.Ke1 Qc2
43.Ne2 Rh1+ 44.Qg1 Bxc4  0-1

[Event "Wichern op"]
[Site "Hamburg"]
[Date "1997.??.??"]
[Round "6"]
[White "Zacharias, Christian"]
[Black "Hermesmann, Hans"]
[Result "0-1"]
[WhiteElo "2210"]
[BlackElo "2280"]

1.d4 Nf6 2.Nf3 g6 3.c4 Bg7 4.g3 O-O 5.Bg2 d6 6.O-O Nc6 7.Nc3 Bg4 8.h3 Bxf3
9.Bxf3 Nd7 10.e3 e5 11.d5 Ne7 12.Bg2 Kh8 13.Rb1 f5 14.Qc2 g5 15.g4 fxg4 16.hxg4 Ng6
17.Be4 Nh4 18.f3 Qf6 19.b4 a6 20.Ne2 Rac8 21.Ng3 c6 22.dxc6 bxc6 23.Qd3 Nb6
24.Nf5 d5 25.cxd5 cxd5 26.Bxd5 Nxf5 27.gxf5 Nxd5 28.Qxd5 Qxf5 29.Bb2 Rfd8
30.Qb3 Rd3 31.e4 Qd7 32.Rfd1 Qa7+  0-1

[Event "Wichern op"]
[Site "Hamburg"]
[Date "1997.??.??"]
[Round "8"]
[White "Van Parreren, Hanneke"]
[Black "Hermesmann, Hans"]
[Result "0-1"]
[WhiteElo "2135"]
[BlackElo "2280"]

1.d4 Nf6 2.c4 g6 3.Nf3 Bg7 4.g3 O-O 5.Bg2 d6 6.O-O c6 7.Nc3 a6 8.a4 a5 9.e4 Nfd7
10.Be3 Na6 11.Qd2 e5 12.Rad1 Nb4 13.d5 cxd5 14.Nxd5 Nxd5 15.cxd5 b6 16.Rfe1 Nc5
17.Qc2 Bg4 18.h3 Bd7 19.Bxc5 bxc5 20.Nd2 Rb8 21.Nc4 Rb4 22.b3 Bc8 23.Rd3 f5
24.f3 h5 25.Rf1 Bh6 26.Rc3 Bg7 27.Rf2 Ba6 28.Bf1 Bc8 29.Qd2 f4 30.g4 Bf6
31.Rg2 hxg4 32.fxg4 Bh4 33.Rf3 Kg7 34.Qb2 g5 35.Re2 Kf6 36.Qc3 Qc7 37.Rg2 Rh8
38.Qc2 Kg6 39.Re2 Rh6 40.Rg2 Kg7 41.Rc3 Kg8 42.Qe2 Bg3 43.Rgxg3 fxg3 44.Rxg3 Rf6
45.Rf3 Qd8 46.Rxf6 Qxf6 47.Qe3 Ba6 48.Be2 Bxc4 49.Bxc4 Kg7 50.Kg2 Qf4 51.Qxf4 exf4
52.Kf3 Kg6 53.Kf2 Kf6 54.Ke2 Ke5 55.Kf3 Rb8 56.Bb5 Rh8 57.Bf1 Kd4  0-1

[Event "SWE-ch"]
[Site "Haninge"]
[Date "1997.??.??"]
[Round "9"]
[White "Sandstrom, Ludvig"]
[Black "Ernst, Thomas"]
[Result "1-0"]
[WhiteElo "2345"]
[BlackElo "2405"]

1.d4 Nf6 2.Nf3 g6 3.c4 Bg7 4.g3 O-O 5.Bg2 d6 6.O-O Nc6 7.Nc3 a6 8.h3 Rb8
9.e4 b5 10.e5 Nd7 11.e6 fxe6 12.d5 exd5 13.cxd5 Na7 14.Nd4 Ne5 15.Nce2 Bd7
16.Nf4 Rxf4 17.Bxf4 c5 18.dxc6 Naxc6 19.Nxc6 Nxc6 20.Re1 Kh8 21.Rc1 Nd4 22.Bg5 Ne6
23.Qd2 Nxg5 24.Qxg5 Bf6 25.Qd2 b4 26.b3 a5 27.g4 Rb5 28.Re4 Kg7 29.Bf1 Re5
30.Rxe5 Bxe5 31.Qe3 Bc3 32.Rd1 Bc6 33.Bg2 Bxg2 34.Kxg2 Qc7 35.Rd5 e5 36.Qf3 Bd4
37.Rb5 Bb6 38.g5 h6 39.Qf6+ Kh7 40.Rxb6 Qxb6 41.Qf7+ Kh8 42.gxh6 Qc6+ 43.Kh2  1-0

[Event "Heart of Finland op"]
[Site "?"]
[Date "1997.??.??"]
[Round "9"]
[White "Haapasalo, Jukka Pekka"]
[Black "Paasikangas, Johanna"]
[Result "1/2-1/2"]
[WhiteElo "2175"]
[BlackElo "2210"]

1.d4 Nf6 2.Nf3 g6 3.c4 Bg7 4.g3 O-O 5.Bg2 d6 6.O-O c6 7.Nc3 Qc7 8.h3 Nbd7
9.e4 a6 10.Re1 e5 11.Be3 exd4 12.Nxd4 Re8  1/2-1/2

[Event "Helsinki We SKFC 2 op"]
[Site "Helsinki"]
[Date "1997.??.??"]
[Round "4"]
[White "Norri, Joose"]
[Black "Kochyev, Alexander"]
[Result "1/2-1/2"]
[WhiteElo "2430"]
[BlackElo "2435"]

1.d4 Nf6 2.c4 g6 3.Nf3 Bg7 4.g3 O-O 5.Bg2 d6 6.O-O Nbd7 7.Nc3 e5 8.e4 c6
9.h3 a5 10.Re1 Re8 11.d5 Nc5 12.Bf1  1/2-1/2

[Event "BCF-ch"]
[Site "Hove"]
[Date "1997.??.??"]
[Round "1"]
[White "Walker, David"]
[Black "Sadler, Matthew"]
[Result "1/2-1/2"]
[WhiteElo "2290"]
[BlackElo "2665"]

1.Nf3 Nf6 2.g3 g6 3.d4 Bg7 4.c4 O-O 5.Bg2 d6 6.O-O Bf5 7.Nc3 Ne4 8.Nd5 c6
9.Ne3 Bd7 10.b3 f5 11.Bb2 f4 12.Nc2 Na6 13.e3 fxg3 14.fxg3 Qa5 15.Nh4 Ng5
16.Qe1 Nh3+ 17.Bxh3 Qxe1 18.Nxe1 Bxh3 19.Rxf8+ Rxf8 20.Nd3 g5 21.Ng2 Bf5
22.Nge1 Nc7 23.Nf2 c5 24.Rd1 Ne6 25.Ba1 g4 26.dxc5 Bxa1 27.Rxa1 Nxc5 28.Rd1 Ne4
29.Nxe4 Bxe4 30.Rd4 Bf5 31.Nd3 Kf7 32.Rf4 Ke8 33.e4 Bg6 34.Rxg4 Rf3 35.Nf2 Rc3
36.h4 Rc2 37.Rg5 Rxa2 38.h5 Bf7 39.h6 Kf8 40.e5 Ra6 41.Rg7 Bg6 42.Ng4 dxe5
43.Nxe5 Bc2 44.Rf7+ Ke8 45.Rg7 Kf8 46.Rf7+ Ke8 47.Rg7 Kd8 48.g4 Re6 49.Nf7+ Kc7
50.g5 Kb6 51.Kf2 a5 52.Kf3 Kc5 53.Nd8 Rb6 54.Rxe7 Rxb3+ 55.Kf4 a4 56.Nxb7+ Kb4
57.Nd6 a3 58.Ra7 Rb2 59.Ne4 a2 60.g6 Ba4 61.Nc3 Kxc3 62.Rxa4 hxg6 63.h7 Rh2
64.Rxa2 Rxh7 65.Kg5 Kxc4 66.Kxg6 Rd7  1/2-1/2

[Event "HUN-chT2 9798"]
[Site "HUN"]
[Date "1997.??.??"]
[Round "?"]
[White "Demeny, Antal"]
[Black "Darazs, Zoltan"]
[Result "0-1"]
[WhiteElo "2210"]
[BlackElo "2240"]

1.d4 Nf6 2.c4 g6 3.g3 Bg7 4.Bg2 O-O 5.Nf3 d6 6.O-O Nc6 7.Nc3 a6 8.h3 e5 9.d5 Ne7
10.e4 Ne8 11.Ne1 f5 12.Nd3 Nf6 13.Kh2 h6 14.f4 exf4 15.Nxf4 g5 16.Ne6 Bxe6
17.dxe6 fxe4 18.Nxe4 Nxe4 19.Rxf8+ Qxf8 20.Bxe4 Qf2+ 21.Bg2 Bd4 22.Bd2 Rf8
23.Qe1 Bxb2 24.Rb1 Be5 25.Qxf2 Rxf2 26.Be1 Re2 27.Kg1 b6 28.Bf2 Rxa2 29.Rf1 Kg7
30.Bxb6 cxb6 31.Rf7+ Kh8 32.Rxe7 Bd4+ 33.Kf1 Rf2+ 34.Ke1 Rxg2 35.Rd7 Rxg3
36.e7 Re3+ 37.Kd2 Kg8 38.Rxd6 Bc5 39.Rxh6 Rxe7 40.Rg6+ Kf7 41.Rh6 g4 42.Rh7+ Kg6
43.Rh4 Re4 44.hxg4 Kg5  0-1

[Event "HUN-chT2 9798"]
[Site "HUN"]
[Date "1997.??.??"]
[Round "?"]
[White "Molnar, Laszlo"]
[Black "Schreiber, Bela"]
[Result "1-0"]
[WhiteElo "2220"]
[BlackElo "2225"]

1.d4 Nf6 2.c4 g6 3.Nf3 Bg7 4.g3 O-O 5.Bg2 d6 6.O-O Nbd7 7.Nc3 e5 8.h3 c6
9.e4 exd4 10.Nxd4 Re8 11.Re1 Nc5 12.Nb3 Be6 13.Nxc5 dxc5 14.Qe2 Qe7 15.Bg5 h6
16.Be3 Rad8 17.Rad1 Nd7 18.f4 Nb6 19.Qf2 Bd4 20.Bxd4 cxd4 21.Nd5 cxd5 22.exd5 Nxc4
23.Qxd4 Nb6 24.Qf2 Qc7 25.dxe6 Rxd1 26.exf7+ Qxf7 27.Rxd1 Qxa2 28.Rd6 Qb1+
29.Kh2 Rc8 30.Qe2 Qc2 31.Qe6+ Kg7 32.Qf6+ Kg8 33.Qe6+ Kg7 34.Qe7+ Kg8 35.Rf6 Kh8
36.Rf7  1-0

[Event "HUN-chT2 9798"]
[Site "HUN"]
[Date "1997.??.??"]
[Round "?"]
[White "Restas, Peter"]
[Black "Karsai, Istvan"]
[Result "1/2-1/2"]
[WhiteElo "2195"]
[BlackElo "2175"]

1.d4 Nf6 2.Nf3 g6 3.c4 Bg7 4.g3 O-O 5.Bg2 d6 6.O-O Nc6 7.Nc3 a6 8.b3 e5 9.dxe5 dxe5
10.Ba3 Qxd1 11.Raxd1 Re8 12.Nd5 Nxd5 13.cxd5 Nd4 14.Nxd4 exd4 15.Bf3 g5 16.g4 h5
17.h3 hxg4 18.hxg4 f5 19.Rfe1 fxg4 20.Bg2 Bf5 21.Bc5 Bc2 22.Rc1 d3 23.exd3 Bxd3
24.Be7 Bd4 25.Bxg5 g3 26.Be3 gxf2+ 27.Kxf2 Rxe3 28.Rxe3 Re8 29.Re1 b6 30.Kf3 Rxe3+
31.Rxe3 Bxe3 32.Kxe3 Bb1 33.a3 Kf7 34.Kf4 Kf6  1/2-1/2

[Event "HUN-chT 9798"]
[Site "Hungary"]
[Date "1997.??.??"]
[Round "?"]
[White "Izsak, Gyula"]
[Black "Groszpeter, Attila"]
[Result "1/2-1/2"]
[WhiteElo "2400"]
[BlackElo "2540"]

1.d4 Nf6 2.c4 g6 3.Nf3 Bg7 4.g3 O-O 5.Bg2 d6 6.Nc3 c6 7.O-O Bg4 8.h3 Bxf3
9.Bxf3 Nbd7 10.b3 Re8 11.Qc2 Rc8 12.Bb2 a6 13.Rfd1 b5 14.Ne4 Nxe4 15.Bxe4 d5
16.Bg2 Qa5 17.e3 e6 18.Bf1 dxc4 19.bxc4 Nb6 20.Rac1 Nxc4 21.Bxc4 bxc4 22.Qxc4 c5
23.Bc3 Qb5 24.Qxb5 axb5 25.dxc5 Rxc5 26.Bxg7 Rxc1 27.Rxc1 Kxg7 28.Rb1 Ra8
29.Rxb5  1/2-1/2

[Event "HUN-chT 9798"]
[Site "Hungary"]
[Date "1997.??.??"]
[Round "?"]
[White "Ruck, Robert"]
[Black "Groszpeter, Attila"]
[Result "1/2-1/2"]
[WhiteElo "2450"]
[BlackElo "2540"]

1.d4 Nf6 2.c4 g6 3.g3 Bg7 4.Bg2 O-O 5.Nf3 d6 6.O-O c6 7.Nc3 Nbd7 8.e4 e5
9.h3 exd4 10.Nxd4 Qb6 11.Nde2 Nc5 12.Qc2 Ne8 13.Be3 f5 14.exf5 Bxf5 15.Qd2 Qc7
16.Rad1 Be6 17.b3 a5 18.Nf4 Bf7 19.Nd3 Nd7 20.Bf4 Ndf6 21.Rfe1 Nh5 22.Bg5 Nhf6
23.Bf4 Nh5 24.Be3 Rb8 25.Nf4 Nhf6 26.Bd4 Bh6 27.Be3 Bg7 28.g4 Rd8 29.Bd4 Bh6
30.Be3 Bg7 31.Bd4 Bh6 32.Be3  1/2-1/2

[Event "Keres mem rapid"]
[Site "Kalev"]
[Date "1997.??.??"]
[Round "2"]
[White "Gavrikov, Viktor"]
[Black "Cramling, Pia"]
[Result "1-0"]
[WhiteElo "2590"]
[BlackElo "2345"]

1.d4 Nf6 2.Nf3 g6 3.c4 Bg7 4.g3 O-O 5.Bg2 d6 6.O-O c6 7.Nc3 Qa5 8.e4 e5 9.h3 Nbd7
10.Re1 exd4 11.Nxd4 Ne5 12.Bf1 Re8 13.Rb1 Be6 14.b4 Qc7 15.f4 Ned7 16.Be3 a5
17.a3 axb4 18.axb4 h5 19.Qc2 h4 20.gxh4 Nb6 21.Nxe6 Rxe6 22.c5 dxc5 23.bxc5 Nbd7
24.Bc4 Re7 25.e5 Nxe5 26.fxe5 Rxe5 27.Bf2 Rxe1+ 28.Rxe1 Ra3 29.Bb3 Kh7 30.Ne4 Nxe4
31.Rxe4 Qd7 32.h5 Qf5 33.hxg6+ Qxg6+ 34.Rg4 Qxc2 35.Bxc2+ Kg8 36.Rb4 Ra1+
37.Kg2 Ra2 38.Bf5 Bf8 39.Rc4 Rb2 40.Rc2 Rb5 41.Bd3 Rb4 42.Bc4 Kg7 43.Kf3 Be7
44.Bd4+ Kf8 45.Ke4 Bh4 46.Kd3  1-0

[Event "Kastel Stari op"]
[Site "Kastel Stari"]
[Date "1997.??.??"]
[Round "2"]
[White "Cvitan, Ognjen"]
[Black "Ljubicic, Filip"]
[Result "1-0"]
[WhiteElo "2550"]
[BlackElo "2350"]

1.d4 Nf6 2.Nf3 g6 3.c4 Bg7 4.g3 O-O 5.Bg2 d6 6.O-O Nbd7 7.Nc3 e5 8.e4 c6
9.h3 Qe7 10.Re1 Ne8 11.b3 f5 12.exf5 gxf5 13.Bf4 e4 14.Nh4 Qf6 15.Be3 Nc7
16.Rc1 Ne6 17.Nxf5 Qxf5 18.Nxe4 Qg6 19.Nxd6 Ng5 20.Nxc8 Raxc8 21.Qg4 Ne6
22.Qxg6 hxg6 23.Rcd1 Rfe8 24.Kf1 Nef8 25.g4 b6 26.g5 c5 27.dxc5 Nxc5 28.Bd5+ Kh7
29.f3 Rc7 30.Bxc5 Rxe1+ 31.Rxe1 bxc5 32.Re8 a5 33.a4 Ra7 34.h4 Ra6 35.Kg2 Rb6
36.f4 Rxb3 37.h5 gxh5 38.f5 Be5 39.Rxf8 Rg3+ 40.Kf2 Rxg5 41.Ke3 Bd4+ 42.Kf4 Rg4+
43.Kf3 Rg1 44.Ke2 Kg7 45.Rf7+ Kh6 46.Ra7 Kg5 47.Rxa5 Kxf5 48.Ra8 Ra1 49.a5 Ke5
50.a6 Kd6 51.Ra7 Bf6 52.Rf7 Be7 53.Rh7 h4 54.Rh6+ Kc7 55.Rc6+ Kd7 56.Rb6 Bd6
57.Rb7+ Bc7 58.a7  1-0

[Event "Kastel Stari op"]
[Site "Kastel Stari"]
[Date "1997.??.??"]
[Round "4"]
[White "Belamaric, Tanja"]
[Black "Fercec, Nenad"]
[Result "1-0"]
[WhiteElo "2215"]
[BlackElo "2430"]

1.d4 Nf6 2.c4 g6 3.g3 Bg7 4.Bg2 O-O 5.Nf3 d6 6.O-O Nbd7 7.Nc3 e5 8.Qc2 Re8
9.b3 c6 10.e3 a6 11.Ba3 e4 12.Nd2 d5 13.cxd5 cxd5 14.Rfc1 Nf8 15.Na4 b5 16.Nc5 h5
17.b4 h4 18.Bb2 hxg3 19.hxg3 Ng4 20.a4 bxa4 21.Rxa4 Rb8 22.Nxa6 Qf6 23.Nxe4 dxe4
24.Nxb8 Qg5 25.Nc6 Bd7 26.Ra5 Qh6 27.Ne5 Qh2+ 28.Kf1 Nxe5 29.dxe5 Ne6 30.Qxe4 Ng5
31.Qh4 Bh3 32.Qxg5 Qxg2+ 33.Ke2 Qb7 34.Qf4 g5 35.Qc4 Bg2 36.e4 Bxe4 37.Rc5 Bf3+
38.Kf1 Re6 39.b5 Rh6 40.Ke1 Re6 41.Rc7 Qb6 42.Rc8+ Bf8 43.Qb4  1-0

[Event "Kastel Stari op"]
[Site "Kastel Stari"]
[Date "1997.??.??"]
[Round "8"]
[White "Biliskov, Vjekoslav"]
[Black "Sale, Srdjan"]
[Result "0-1"]
[WhiteElo "2315"]
[BlackElo "2425"]

1.Nf3 Nf6 2.c4 g6 3.d4 Bg7 4.g3 O-O 5.Bg2 d6 6.O-O Nbd7 7.Nc3 a6 8.h3 c5
9.b3 Rb8 10.a4 cxd4 11.Nxd4 a5 12.Ba3 Qb6 13.e3 Nc5 14.Rb1 Bd7 15.Qd2 Bc6
16.Nd5 Bxd5 17.cxd5 Rfc8 18.Rfc1 Nfd7 19.Nb5 h5 20.Qd1 Na6 21.Rc2 Bf6 22.Rbc1 Rxc2
23.Qxc2 h4 24.gxh4 Bxh4 25.Be4 Kg7 26.Kh2 Nac5 27.Nd4 Rh8 28.Bxg6 fxg6 29.Rg1 Nf8
30.Bxc5 dxc5 31.Ne6+ Kf7 32.f4 Rh6 33.Nxc5 Qc7 34.Qc4 Kg7 35.Qb5 b6 36.Qc6 Qd8
37.Nd3 Kh7 38.Ne5 Kg7 39.Ng4 Rh5 40.e4 Qd6 41.e5 Qxc6 42.dxc6 Ne6 43.Rc1 Rh8
44.Rc4 Be1 45.Ne3 Bf2 46.Nd5 Kf7 47.b4 axb4 48.Rxb4 Bc5 49.Rc4 Rc8 50.Kg3 Rxc6
51.Kg4 Nd4 52.h4 e6 53.Nf6 Rc7 54.Ne4 Nf5 55.Rc1 Ra7 56.Ra1 Bd4 57.Ng5+ Ke7
58.Rc1 Ne3+ 59.Kf3 Bc5 60.Ne4 Nd5 61.Ra1  0-1

[Event "Klatovy op-A"]
[Site "Klatovy"]
[Date "1997.??.??"]
[Round "?"]
[White "Kubikova, Hana"]
[Black "Schauer, Jiri"]
[Result "1-0"]
[WhiteElo "2195"]
[BlackElo "1950"]

1.d4 Nf6 2.Nf3 g6 3.c4 Bg7 4.g3 O-O 5.Bg2 d6 6.O-O Nbd7 7.Nc3 e5 8.e4 c6
9.h3 Re8 10.Be3 a6 11.Qc2 b5 12.dxe5 dxe5 13.Rfd1 Qe7 14.Ne1 Rb8 15.cxb5 axb5
16.Nd3 Nb6 17.b3 Nfd7 18.Ne2 Bb7 19.Nc5 Rec8 20.Rac1 Bf8 21.Qd3 Rc7 22.Kh2 Qe8
23.Qc3 Nxc5 24.Bxc5 Bxc5 25.Qxc5 Nd7 26.Qd6 Rbc8 27.Nc3 Qd8 28.h4 Qf6 29.Nxb5 Qxd6
30.Nxd6 Ra8 31.Nb5 Rcc8 32.Rxd7 cxb5 33.Rxc8+ Bxc8 34.Rd8+ Kg7 35.b4 Kf6
36.Bh3 Rxa2 37.Rxc8 Rxf2+ 38.Bg2 Rb2 39.Rc6+ Kg7 40.Rc5 Rxb4 41.Rxe5 h5 42.Kh3 Rb1
43.Rc5 b4 44.Rb5 b3 45.Kh2 b2 46.Kh3 Kf8 47.g4 hxg4+ 48.Kxg4 Kg7 49.Kf4 f6
50.e5 fxe5+ 51.Kg5 Rd1 52.Rb7+ Kh8 53.Rxb2 Kg7 54.Rb7+ Kf8 55.Kxg6 Rd2 56.Be4 Re2
57.Kf6 Kg8 58.Rb8+  1-0

[Event "Klatovy op-A"]
[Site "Klatovy"]
[Date "1997.??.??"]
[Round "?"]
[White "Novak, Jaromir"]
[Black "Michalek, Jan"]
[Result "0-1"]
[WhiteElo "2075"]
[BlackElo "2240"]

1.d4 Nf6 2.Nf3 g6 3.c4 Bg7 4.g3 O-O 5.Bg2 d6 6.Nc3 Nbd7 7.O-O e5 8.e4 exd4
9.Nxd4 Re8 10.f3 a5 11.Be3 Nc5 12.Qc2 Nfd7 13.Rad1 Ne5 14.b3 Bd7 15.Nd5 c6
16.Nf4 h5 17.h4 Qb6 18.a3 Qa6 19.Rc1 a4 20.b4 Nb3 21.Nxb3 axb3 22.Qxb3 Qxa3
23.Qxa3 Rxa3 24.Bb6 Rb3 25.Ba5 b6 26.Bxb6 Rxb4 27.c5 Nc4 28.Rfd1 Bb2 29.Rxc4 Rxc4
30.Rxd6 Bd4+ 31.Kf1 Bc8 32.Rxc6 Be5 33.Bc7 Bd7 34.Bxe5 Bxc6 35.Bd6 Ra8 36.Kg1 Rc2
37.Kh2 Raa2 38.Kh3 Bd7+ 39.Kh2 Bb5 40.Kg1 Ra1+ 41.Kh2 Bf1  0-1

[Event "Klatovy op-A"]
[Site "Klatovy"]
[Date "1997.??.??"]
[Round "?"]
[White "Most, Zdenek"]
[Black "Pinc, Miroslav"]
[Result "1/2-1/2"]
[WhiteElo "2195"]
[BlackElo "2095"]

1.d4 Nf6 2.Nf3 g6 3.c4 Bg7 4.g3 O-O 5.Bg2 d6 6.Nc3 Nbd7 7.O-O e5 8.e3 c6
9.Qc2 Re8 10.a3 a6 11.b4 e4 12.Nd2 d5 13.a4 Nf8 14.Rb1 Ne6 15.b5 Ng5 16.cxd5 cxd5
17.Qb3 Bh3 18.bxa6 Bxg2 19.axb7 Rb8 20.Kxg2 Qd7 21.f3 Qh3+ 22.Kg1 Qh5 23.Qd1 exf3
24.Nxf3 Ng4 25.h4 Rxe3 26.Bxe3 Nxe3 27.Qe2 Nxf1 28.Rxf1 Nxf3+ 29.Qxf3 Bxd4+
30.Kg2 Qxf3+ 31.Rxf3 Rxb7 32.Nxd5 Rb2+ 33.Kh3 Ra2 34.Rf4 Bg1 35.g4 Rh2+ 36.Kg3 Rd2
37.Nf6+ Kg7 38.Rf1 Bh2+ 39.Kh3 Be5 40.g5 Rh2+ 41.Kg4 Ra2 42.Ne4 Rxa4 43.Kf3 Ra3+
44.Kg2 Re3 45.Nf2 Rg3+ 46.Kh1 Bd4 47.Kh2 Rf3 48.Kg2 Rxf2+ 49.Rxf2 Bxf2 50.Kxf2 h6
51.Kf3 hxg5 52.hxg5 Kf8 53.Kf4 Ke8 54.Ke4 Ke7 55.Ke5 Kd8 56.Ke4 Kc7 57.Ke5 Kd7
58.Kd5 Ke8 59.Ke4  1/2-1/2

[Event "Klatovy op-A"]
[Site "Klatovy"]
[Date "1997.??.??"]
[Round "?"]
[White "Most, Zdenek"]
[Black "Kucera, Tomas"]
[Result "1-0"]
[WhiteElo "2195"]
[BlackElo "1935"]

1.d4 Nf6 2.Nf3 g6 3.c4 Bg7 4.g3 O-O 5.Bg2 d6 6.Nc3 Nc6 7.d5 Na5 8.Nd2 c5
9.Qc2 e6 10.O-O exd5 11.cxd5 Rb8 12.a3 b5 13.b4 Nb7 14.Rb1 a6 15.h3 Qc7 16.Bb2 Nh5
17.Nce4 f5 18.Bxg7 Qxg7 19.Nc3 Bd7 20.Rbc1 Rfc8 21.Qd3 Rc7 22.e3 Rbc8 23.Ne2 a5
24.bxc5 Nxc5 25.Qd4 Nf6 26.Kh2 Be8 27.Rb1 Qf7 28.Rfc1 Qg7 29.Nf4 Bd7 30.Ne2 Rb7
31.Kg1 Rbc7 32.Rc3 Qe7 33.Rcc1 Rf8 34.Qc3 Ra7 35.Nd4 Nfe4 36.Nxe4 fxe4 37.Nxb5 Bxb5
38.Rxb5 Nd3 39.Rf1 Qf7 40.Rxa5 Rxa5 41.Qxa5 Nxf2 42.Qd2 Nxh3+ 43.Bxh3  1-0

[Event "Klatovy op-A"]
[Site "Klatovy"]
[Date "1997.??.??"]
[Round "?"]
[White "Capek, Ivan"]
[Black "Hadraba, Vladimir"]
[Result "0-1"]
[WhiteElo "2000"]
[BlackElo "2255"]

1.Nf3 Nf6 2.c4 g6 3.d4 Bg7 4.g3 O-O 5.Bg2 d6 6.O-O Nbd7 7.Nc3 e5 8.e4 c6
9.h3 Re8 10.Re1 a6 11.a4 a5 12.Be3 Qe7 13.Qc2 exd4 14.Nxd4 Nc5 15.Rad1 Nfd7
16.f4 Na6 17.Qd2 Ndc5 18.Kh2 Bd7 19.Nde2 Be6 20.Qxd6 Qxd6 21.Rxd6 Bxc4 22.Bxc5 Nxc5
23.e5 Rad8 24.Rd4 Rxd4 25.Nxd4 f6 26.b3 Bf7 27.e6 Nxe6 28.Nf3 Nc5 29.Rxe8+ Bxe8
30.Nd2 f5 31.Nd1 Bf7 32.Ne3 Bc3 33.Ndc4 Nxb3 34.Nd6 Nc5 35.Nd1 Bd4 36.g4 fxg4
37.hxg4 Bb3 38.Bf3 Bxa4 39.Nc4 Bxd1 40.Bxd1 a4 41.Bc2 Kf7 42.Kg3 b5 43.Na5 b4
44.Nxc6 Bc3 45.f5 b3  0-1

[Event "Koge op"]
[Site "Koge"]
[Date "1997.??.??"]
[Round "3"]
[White "Kengis, Edvins"]
[Black "Antonsen, Mikkel"]
[Result "1/2-1/2"]
[WhiteElo "2590"]
[BlackElo "2400"]

1.Nf3 Nf6 2.g3 g6 3.Bg2 Bg7 4.d4 O-O 5.c4 d6 6.O-O Nc6 7.Nc3 a6 8.h3 Rb8
9.Be3 e6 10.Qc1 b5 11.cxb5 axb5 12.Bg5 Qd7 13.Rd1 b4 14.Bxf6 Bxf6 15.Ne4 Bg7
16.e3 e5 17.dxe5 Nxe5 18.Nxe5 Bxe5 19.Nc5 Qe7 20.Nd3 Bg7 21.Qd2 c5 22.Nf4 Qe5
23.b3 Rb6 24.Rac1 Kh8 25.Nd5 Ra6 26.Qe2 Ra7 27.Rd2 Bb7 28.Nb6 Bxg2 29.Kxg2 Qe4+
30.f3 Qc6 31.Nd5 Qb7 32.h4 h5 33.Rcc2 Rfa8 34.Qc4 Re8 35.e4 Ra3 36.Re2 Be5
37.Rcd2 Qa7 38.Qc1 Qb7 39.Ne3 Ra6 40.Qd1 Rea8 41.Nd5 R6a7 42.Rc2 Kh7 43.Red2 Re8
44.Qe2 Bg7 45.Qc4 Re5 46.Nf4 Qa6 47.Qxa6 Rxa6 48.Nd5 f5 49.exf5 Rxf5 50.f4 Rf7
51.Kf3 Rfa7 52.Ke4 Kg8 53.Kd3 Kf7 54.Re2 Rb7 55.Kc4 Ra8 56.Rcd2 Re8 57.Rxe8 Kxe8
58.Kd3 Kf7 59.Re2 Bd4 60.Kc4 Bg7 61.Rg2 Bd4 62.f5 Be5 63.Rf2 Ra7 64.Nf4  1/2-1/2

[Event "RUS-ch (Women) sf"]
[Site "Kolontaevo"]
[Date "1997.??.??"]
[Round "?"]
[White "Melnik, Galina"]
[Black "Trofimova, Antonia"]
[Result "1-0"]
[WhiteElo "2155"]
[BlackElo "2045"]

1.d4 Nf6 2.Nf3 g6 3.c4 Bg7 4.g3 d6 5.Bg2 O-O 6.O-O Nbd7 7.Qc2 c6 8.Rd1 Qc7
9.Nc3 e5 10.e4 Re8 11.h3 a6 12.Be3 Rb8 13.c5 exd4 14.cxd6 Qxd6 15.Rxd4 Qe7
16.Bf4 Ra8 17.Bd6 Qd8 18.e5 Nd5 19.Nxd5 cxd5 20.Rxd5 Nxe5 21.Nxe5  1-0

[Event "Komarno op"]
[Site "Komarno"]
[Date "1997.??.??"]
[Round "?"]
[White "Tibensky, Robert"]
[Black "Balogh, Peter"]
[Result "1/2-1/2"]
[WhiteElo "2445"]
[BlackElo "2280"]

1.d4 Nf6 2.Nf3 g6 3.c4 Bg7 4.g3 O-O 5.Bg2 d6 6.O-O c5 7.Nc3 Nc6 8.d5 Na5
9.Nd2 a6 10.Qc2 Rb8 11.b3 b5 12.Rb1 Bd7 13.e4 bxc4 14.bxc4 e6 15.h3 exd5
16.cxd5 Rxb1 17.Ndxb1 Qc7 18.Rd1 Ne8 19.Ne2 Nf6 20.Nbc3 Rb8 21.f4 Nc4 22.g4 Qb6
23.Kh1 Nb2 24.Rd2 Nc4 25.Rd3 Qb4 26.Rf3 Nb6 27.Rf1 Na4 28.e5 Nxc3 29.Nxc3 Ne8
30.Ne4 dxe5 31.fxe5 Bxe5 32.Qf2 f6 33.Nxc5 Bb5 34.Re1 Rc8 35.Ne6 Qd6 36.Bf4 Bxf4
37.Nxf4 Ng7 38.Ne6 Nxe6 39.dxe6 Qe7 40.Bd5 Bc6 41.Qf3 Bxd5 42.Qxd5 Rd8 43.Qe4  1/2-1/2

[Event "Krasnodar op"]
[Site "Krasnodar"]
[Date "1997.??.??"]
[Round "?"]
[White "Vaulin, Alexander"]
[Black "Petrushin, Alexander I"]
[Result "1/2-1/2"]
[WhiteElo "2490"]
[BlackElo "2415"]

1.d4 Nf6 2.c4 g6 3.Nf3 Bg7 4.g3 O-O 5.Bg2 d6 6.O-O Nbd7 7.Nc3 e5 8.e4 exd4
9.Nxd4 Re8 10.h3 Nc5 11.Re1 a5 12.b3 c6 13.Rb1 Bd7 14.Bf4 Qb6 15.Bxd6 Nfxe4
16.Bxe4 Nxe4 17.Rxe4 Rxe4 18.Nxe4 Qxd4 19.Qxd4 Bxd4 20.Rd1 Bg7 21.Bb8 Rxb8
22.Rxd7 Re8 23.Nd6 Re2 24.Nxf7 b5 25.cxb5 cxb5 26.Ng5 Bc3 27.a4 b4 28.Kf1 Re1+
29.Kg2 h6 30.Nf3 Rb1 31.Nd4 Rb2 32.Kf3 h5 33.h4 Rb1 34.Kg2 Rb2 35.Kf3 Rb1
36.Kg2 Rb2  1/2-1/2

[Event "RUS-ch sf"]
[Site "Krasnodar"]
[Date "1997.??.??"]
[Round "?"]
[White "Tregubov, Pavel V"]
[Black "Bragin, A."]
[Result "0-1"]
[WhiteElo "2525"]
[BlackElo "2395"]

1.d4 Nf6 2.c4 g6 3.g3 Bg7 4.Bg2 O-O 5.Nf3 d6 6.O-O c5 7.d5 Na6 8.Nc3 Nc7
9.h3 a6 10.a4 b6 11.e4 Nd7 12.Bf4 Rb8 13.Re1 b5 14.axb5 axb5 15.e5 dxe5 16.Nxe5 Nxe5
17.Bxe5 Bxe5 18.Rxe5 bxc4 19.Qe2 e6 20.Ra7 Qd6 21.Qe3 f6 22.Re4 exd5 23.Re7 Rb7
24.Rxc7 Qxc7 25.Bxd5+ Kg7 26.Nb5 Qd7 27.Bxb7 Bxb7 28.Nd6 Qxd6 29.Rxb7+ Rf7
30.Rb5 Rc7 31.h4 Qc6 32.Ra5 Qd5 33.Qe8 Qd1+ 34.Kg2 Qd5+ 35.Kg1 Qd1+ 36.Kg2 Qd5+
37.Kg1 Rb7 38.Ra8 Qf7 39.Qh8+ Kh6 40.Qc8 c3 41.b3 c4 42.Rb8 Rxb8  0-1

[Event "Krasnodar op"]
[Site "Krasnodar"]
[Date "1997.??.??"]
[Round "?"]
[White "Malaniuk, Vladimir P"]
[Black "Petrushin, Alexander I"]
[Result "1-0"]
[WhiteElo "2610"]
[BlackElo "2415"]

1.d4 Nf6 2.Nf3 g6 3.g3 Bg7 4.Bg2 O-O 5.c4 d6 6.O-O Nbd7 7.Nc3 e5 8.e3 c6
9.b3 Re8 10.Bb2 exd4 11.Nxd4 Nc5 12.Qc2 a5 13.Rad1 Bg4 14.f3 Bd7 15.e4 Qb6
16.Kh1 a4 17.Rfe1 axb3 18.axb3 Be6 19.Nce2 Bd7 20.Nc1 Rad8 21.Bc3 Bc8 22.b4 Ncd7
23.Ncb3 Qa7 24.f4 Re7 25.c5 dxc5 26.Ra1 Qb8 27.bxc5 Rde8 28.Bb2 Nf8 29.Nd2 Ne6
30.Nxe6 Bxe6 31.Be5 Qc8 32.Bd6 Rd7 33.e5 Nd5 34.Nc4 f6 35.exf6 Bxf6 36.Be5 Qd8
37.Nd6 Rf8 38.Qb2 Bxe5 39.Rxe5 Qf6 40.Ne4 Qg7 41.Re1 Ne3 42.Ng5 Nxg2 43.Nxe6 Nxe1
44.Nxg7 Nd3 45.Qb3+ Kxg7 46.Re3 Nf2+ 47.Kg2 Ng4 48.Qc3+ Kf7 49.Rd3 Re7 50.Qb3+ Kg7
51.Qb2+ Kg8 52.Rb3 Ne3+ 53.Kf3 Nc4 54.Qd4 Ne5+ 55.Kg2 Ng4 56.Qd6 Rfe8 57.Kh3 Ne3
58.Qd4 Nd5 59.Ra3 Kf7 60.Rb3 Rd7 61.Qb2 Rb8 62.Qb1 Ne7 63.Rb6 Rd5 64.Qb3 Kf8
65.Qa3 Rh5+ 66.Kg2 Rd8 67.Rxb7 Rd2+ 68.Kf3 Rhxh2 69.Qc3 Kf7 70.Qe3  1-0

[Event "Krasnodar op"]
[Site "Krasnodar"]
[Date "1997.??.??"]
[Round "?"]
[White "Vaulin, Alexander"]
[Black "Dashko, Andrey"]
[Result "1-0"]
[WhiteElo "2490"]
[BlackElo "2210"]

1.d4 Nf6 2.c4 g6 3.Nf3 Bg7 4.g3 O-O 5.Bg2 d6 6.O-O c6 7.Nc3 Qb6 8.b3 e5 9.e3 Re8
10.Ba3 e4 11.Nd2 Bg4 12.Qb1 d5 13.b4 Na6 14.b5 cxb5 15.Qxb5 Qxb5 16.Nxb5 dxc4
17.Nxc4 Be2 18.Rfc1 Re6 19.Nbd6 Bf8 20.Bh3 Bxc4 21.Nxc4 Bxa3 22.Nxa3 Rc6
23.Nc4 Nb4 24.Ne5 Rxc1+ 25.Rxc1 Nfd5 26.a3 Na2 27.Rc5 Nac3 28.Bf1 Rd8 29.Bc4 Kf8
30.Bb3 Ke7 31.Nxf7 b6 32.Rxc3 Nxc3 33.Nxd8 Kxd8 34.Kf1 Nb1 35.Bc2 Nxa3 36.Bxe4 Nb5
37.Ke1 Nc3 38.Bc2 b5 39.Kd2 b4 40.Kd3 a5 41.Kc4 Kc7 42.e4 Kb6 43.e5 Nb5 44.Ba4 Nc7
45.d5  1-0